Movies Quiz

Random Movies or Math Quiz

Count to 10... With a Movies Twist Quiz Stats

 Plays Quiz Updated May 1, 2019

Score 0/10 Timer 03:00
3 Plays Today
Question Answer Wrong Answers
Next is 2... ???
94.5%
???
0.9%
???
1.2%
???
3.2%
Let's start with 1... ???
85.6%
???
3.9%
???
6.6%
???
3.9%
Now 7... ???
84.6%
???
4.6%
???
5.8%
???
2.3%
And finally, 10! ???
83%
???
4.7%
???
5.5%
???
2.4%
And 5... ???
68.7%
???
2%
???
7.9%
???
19.6%
Next is 9... ???
68.2%
???
7.8%
???
6.4%
???
13.8%
Here's 8... ???
62.4%
???
4.9%
???
20.1%
???
9.6%
Next is 6... ???
61.9%
???
19.3%
???
6%
???
10.5%
Then 3... ???
59.9%
???
20.1%
???
17.4%
???
2.1%
Then 4... ???
58.8%
???
34.7%
???
3.4%
???
2%

You're not logged in!

Compare scores with friends on all Sporcle quizzes.
OR
Log In

Sporcle TV

Today on Sporcle TV


Watch our educational content, quiz creation guides, and fun videos on Sporcle TV.

Show Comments

Extras

Top Quizzes Today


Score Distribution

Your Account Isn't Verified!

In order to create a playlist on Sporcle, you need to verify the email address you used during registration. Go to your Sporcle Settings to finish the process.

Report this User

Report this user for behavior that violates our Community Guidelines.

Details: